Richard Wagner Leben und Lebenswerk (Record no. 9568)

MARC details
000 -CABECERA
campo de control de longitud fija 00623nam a2200217 a 4500
001 - NÚMERO DE CONTROL
campo de control BRL_756
005 - FECHA Y HORA DE LA ÚLTIMA TRANSACCIÓN
campo de control 20190320210900.0
008 - DATOS DE LONGITUD FIJA--INFORMACIÓN GENERAL
campo de control de longitud fija 021013s1926----gw-c######---#000-0dger-#
041 ## - CÓDIGO DE LENGUA
Código de lengua del texto/banda sonora o título independiente ger
044 ## - CÓDIGO DEL PAÍS DE LA ENTIDAD EDITORA/PRODUCTORA
Código MARC del país gw
050 #4 - SIGNATURA TOPOGRÁFICA DE LA BIBLIOTECA DEL CONGRESO
Número de clasificación ML410.W1
Número de documento/Ítem .G65 1926
100 1# - ENTRADA PRINCIPAL--NOMBRE DE PERSONA
Nombre de persona Golther, Wolfgang
Fechas asociadas al nombre 1863-1945
9 (RLIN) 24847
245 10 - MENCIÓN DE TÍTULO
Título Richard Wagner Leben und Lebenswerk
Mención de responsabilidad, etc. von Wolfgang Golther.
260 ## - PUBLICACIÓN, DISTRIBUCIÓN, ETC.
Lugar de publicación, distribución, etc. Leipzig
Nombre del editor, distribuidor, etc. Philipp Reclam Jun.
Fecha de publicación, distribución, etc. 1926
300 ## - DESCRIPCIÓN FÍSICA
Extensión 247 p.
Otras características físicas il.
Dimensiones 15 cm.
440 #0 - MENCIÓN DE SERIE/PUNTO DE ACCESO ADICIONAL--TÍTULO
Título Musiker biographien
Designación de volumen o secuencia Band. 5
9 (RLIN) 24848
500 ## - NOTA GENERAL
Nota general Au815
600 14 - PUNTO DE ACCESO ADICIONAL DE MATERIA--NOMBRE DE PERSONA
Nombre de persona Wagner, Richard
Fechas asociadas al nombre 1813-1883
Subdivisión de forma Biografía
9 (RLIN) 24849
902 ## - CATALOGADOR
Iniciales GRL
942 ## - ELEMENTOS DE PUNTO DE ACCESO ADICIONAL (KOHA)
Fuente del sistema de clasificación o colocación Library of Congress Classification
Tipo de ítem Koha Libros
Holdings
Estado de retiro Estado de pérdida Estado dañado No para préstamo Localización permanente Ubicación/localización actual Fecha de adquisición Número de inventario Total de préstamos Signatura topográfica completa Código de barras Fecha visto por última vez Precio válido a partir de Tipo de ítem Koha
El ejemplar forma parte de la colección y puede ser consultado según las políticas vigentes.       Biblioteca Centro de Estudios Ruth D. Lechuga Biblioteca Centro de Estudios Ruth D. Lechuga 02/10/2013 Au815   ML410.W1 .G65 1926 (Au815) GRL00827 22/03/2019 22/03/2019 Libros